Statistiken für U7 U-Bahn Berlin

Klicken Sie hier um das Quiz zu spielen!

Allgemein

  • Dieses Quiz wurde 104 mal gespielt
  • Das Durchschnittsergebnis liegt bei 18 aus 38

Antwortstatistiken

U-Bahnhof% Korrekt
Rathaus Spandau
85%
Rudow
85%
Neukölln
78%
Zitadelle
73%
Rathaus Neukölln
72%
Altstadt Spandau
70%
Hermannplatz
68%
Mehringdamm
68%
Grenzallee
60%
Karl-Marx Straße
53%
Möckernbrücke
53%
Jungfernheide
52%
Siemensdamm
52%
Südstern
52%
Britz-Süd
48%
Rohrdamm
48%
Gneisenaustraße
47%
Haselhorst
47%
Wutzkyallee
47%
Yorkstraße
43%
Adenauerplatz
40%
Halemweg
40%
Bismarckstraße
38%
Kleistpark
38%
Parchimer Allee
38%
Wilmersdorfer Straße
38%
Jakob-Kaiser Platz
37%
Lipschitzallee
37%
Paulsternstraße
37%
Zwickauer Damm
37%
Blaschkoallee
35%
Eisenacher Straße
33%
Bayerischer Platz
32%
Johannisthaler Chaussee
32%
Mierendorffplatz
32%
Konstanzer Straße
30%
Blissestraße
25%
Ferbelliner Platz
10%

Verteilung der Resultate

Perzentil nach korrekt beantworteten Fragen

Anzahl Personen mit jedem Resultat

Ihre Resultats-Entwicklung

Sie haben dieses Quiz noch nicht gespielt